• 首页
  • 本馆介绍
  • 公告通知
  • 最新文献
  • 馆藏检索
  • 电子资源
  • 读者导购
  • 参考咨询
  • 我的图书馆
  • 登录
  • 详细信息显示
  • 放入我的书架
  • 预约/预借图书
  • 作者相关作品
  • 分类相关作品
  • 丛书相关作品
  • 出版社相关作品

书目信息

  • 表格格式
  • 工作单格式
  • 卡片格式
题名:
舞蹈动作开发与编舞技法教程
    
 
作者: 谢飞 编著
分册:  
出版信息: 上海   上海音乐出版社  2013.04
页数: 183页
开本: 25cm
丛书名:
单 册:
中图分类: J712.2 , J711.3
科图分类:
主题词: 舞蹈动作--训练--教材 , 舞蹈编导--教材 , 舞蹈动作 , 舞蹈编导
电子资源:
ISBN: 978-7-5523-0141-0
000 01015nam0 2200313 450
001 012013067142
005 20130627155737.98
009 012013067142
010    @a978-7-5523-0141-0@dCNY36.00
100    @a20130524d2013 em y0chiy0110 ea
101 0  @achi
102    @aCN@b310000
105    @aa z 000yy
106    @ar
200 1  @a舞蹈动作开发与编舞技法教程@9wu dao dong zuo kai fa yu bian wu ji fa jiao cheng@f谢飞编著
210    @a上海@c上海音乐出版社@d2013.04
215    @a183页@c图@d25cm
300    @a东北师范大学音乐学院舞蹈通用教材
330    @a本书通过图片、文字和练习题等方式,对舞蹈编导技法中的单双三人和群舞的编创进行讲解,是舞蹈表演、舞蹈教育专业学生训练性、实用性教材。
333    @a适合高校艺术专业类学生及普通大学生
606 0  @a舞蹈动作@x训练@j教材
606 0  @a舞蹈编导@j教材
606 0  @a舞蹈动作
606 0  @a舞蹈编导
690    @aJ712.2@v5
690    @aJ711.3@v5
701  0 @a谢飞@9xie fei@4编著
801  0 @aCN@b人天书店@c20130524
905    @b546836-39@dJ712.2@e120@f4
    
    舞蹈动作开发与编舞技法教程/谢飞编著.-上海:上海音乐出版社,2013.04
    183页:图;25cm
    东北师范大学音乐学院舞蹈通用教材.-使用对象:适合高校艺术专业类学生及普通大学生
    
    ISBN 978-7-5523-0141-0:CNY36.00
    本书通过图片、文字和练习题等方式,对舞蹈编导技法中的单双三人和群舞的编创进行讲解,是舞蹈表演、舞蹈教育专业学生训练性、实用性教材。
●
相关链接 在E读中查询图书 在五车中查询图书 在当当中查询图书 在豆瓣中查询图书


正题名:舞蹈动作开发与编舞技法教程     索取号:J712.2/120         预约/预借

序号 登录号 条形码 馆藏地/架位号 状态 备注
1 546836   205468368   第一样本阅览室/ [索取号:J712.2/120] 在馆    
2 546838   205468386   美术系资料室/ [索取号:J712.2/120] 在馆    
3 546839   205468395   第一借阅区/ [索取号:J712.2/120] 在馆    
唐山师范学院图书馆 欢迎您!
大连网信软件有限公司© 版权所有